Rozpoznaj obiekt w Warszawie po zdjęciu - Statystyki

Ogólne statystyki
  • Ten quiz został rozwiązany 2 051 razy
  • Średni wynik to 10 z 16
Statystyki odpowiedzi
Obrazkowy Hint Odpowiedź % Poprawnych
Pałac Kultury i Nauki
93%
Stadion Narodowy im. Kazimierza Górskiego w Warszawie
90%
Zamek Królewski
89%
(izba) Sejm
86%
Złote Tarasy
83%
Kolumna Zygmunta III Wazy
82%
Warszawa Centralna
73%
(park) Łazienki Królewskie
71%
(uniwersytet) Uniwersytet Warszawski
67%
Grób Nieznanego Żołnierza
65%
(muzeum) Muzeum Powstania Warszawskiego
49%
Varso
48%
(ulica) Aleje Jerozolimskie
47%
(muzeum) Muzeum Narodowe
43%
(most) Most Siekierkowski
34%
(twierdza) Cytadela Warszawska
22%
Nie znaleziono quizów pasujących do podanych kryteriów
Rozkład punktacji
Procent ludzi z każdym wynikiem
Percentyl według liczby udzielonych odpowiedzi
Twoja historia wyników
Nie rozwiązałeś tego quizu